ഗുവായൂരിലെ സന്ധ്യകൾ (Record no. 178385)

MARC details
000 -LEADER
fixed length control field 00625nam a22001577a 4500
010 ## - LCCN (DPL NO)
LC control number 894.8123
020 ## - INTERNATIONAL STANDARD BOOK NUMBER
International Standard Book Number 978-81-946820-5-9
Terms of availability 315.00
035 ## - SYSTEM CONTROL NUMBER
System control number MA-8723
082 ## - DEWEY DECIMAL CLASSIFICATION NUMBER
Classification number 894.8123
Item number NAR
100 ## - MAIN ENTRY--PERSONAL NAME
Personal name നരേന്ദ്രൻ എ നരേന്ദ്രൻ എ
245 ## - TITLE STATEMENT
Title ഗുവായൂരിലെ സന്ധ്യകൾ
Statement of responsibility, etc നരേന്ദ്രൻ എ
260 ## - PUBLICATION, DISTRIBUTION, ETC. (IMPRINT)
Place of publication, distribution, etc Thrissur
Name of publisher, distributor, etc Green books building,civil lane,road,ayyanthole,thrissur
Date of publication, distribution, etc 2020
270 ## - ADDRESS
Address Green books building, civil lane road,ayyanthole,thrissur Kerala
300 ## - PHYSICAL DESCRIPTION
Extent 256p
Dimensions 21cm
942 ## - ADDED ENTRY ELEMENTS (KOHA)
Source of classification or shelving scheme Dewey Decimal Classification
Item type Malayalam Bks
Classification part 894.8123
Call number suffix NAR
Holdings
Withdrawn status Lost status Not for loan Home library Current library Date acquired Cost, normal purchase price Full call number Barcode Cost, replacement price Koha item type
      D.B.Act.Division D.B.Act.Division 26/03/2021 315.00 894.8123 NAR MA-8723 315.00 Malayalam Bks

© Delhi Public Library
Hit Counter
free hit counter